000 00693nam a2200229 4500
003 OSt
005 20260421042704.0
006 a
008 240715b |||||||| |||| 00| 0 eng d
020 _a0691120560
040 _aDWCL-Main lib.
_cOC
082 _aCirc. 510 H388n 2007
100 _aHavil, Julian
245 _aNonpluseed! : mathematical proof of implausible ideas /
260 _aPrinceton, N.J. :
_bPrinceton University Press,
_cc2007.
300 _axiii,
_b196 p. : ill. ;
_c24 cm.
504 _aIncludes index.
650 _a1. Mathematics-Miscellanea.
650 _a2. Mathematical recreations.
650 _a3. Paradox-Mathematics.
942 _2ddc
_n0
_cBK-CIRC
_kCirc.
999 _c2153
_d2153